| 000 | 00544nam a22001937a 4500 | ||
|---|---|---|---|
| 003 | OSt | ||
| 005 | 20151203143814.0 | ||
| 008 | 130711t xxu||||| |||| 00| 0 eng d | ||
| 020 | _a9780435994426 | ||
| 050 |
_aQC 32 _b.H229 2009 |
||
| 082 |
_aIB 530 _bH17-hl 2009 |
||
| 100 | _aHamper, Chris | ||
| 245 |
_aPhysics : _bhigher level (plus standard level options) _cChris Hamper |
||
| 260 |
_aEngland : _bPearson Baccalaureate _cc2009. |
||
| 300 |
_axii, 620 pages. : _bcol. ill. ; |
||
| 562 | _e1 | ||
| 942 |
_2lcc _cBK |
||
| 999 |
_c6396 _d6396 |
||